La estructura de la personalidad / (Record no. 91191)

MARC details
000 -LEADER
campo de control de longitud fija 00655nam a2200181 i 4500
001 - NÚMERO DE CONTROL
campo de control 91191
003 - IDENTIFICADOR DE NÚMERO DE CONTROL
campo de control ES-MaACL
005 - FECHA Y HORA DE LA ÚLTIMA TRANSACCIÓN
campo de control 20230906180649.0
007 - CAMPO FIJO DE DESCRIPCIÓN FÍSICA--INFORMACIÓN GENERAL
campo de control de longitud fija t|
008 - DATOS DE LONGITUD FIJA--INFORMACIÓN GENERAL
campo de control de longitud fija 050127s1958 sp ||||1| spa d
100 1# - ENTRADA PRINCIPAL--NOMBRE DE PERSONA
Nombre de persona Lersch, Philipp.
9 (RLIN) 71817
245 13 - MENCIÓN DEL TÍTULO
Título La estructura de la personalidad /
Mención de responsabilidad, etc. Philipp Lersch ; revisión y estudios preliminares por Ramón Sarró ; [traducido de la 7ª edición por A. Serrate Torrente].
260 ## - PUBLICACIÓN, DISTRIBUCIÓN, ETC.
Lugar de publicación, distribución, etc. Barcelona :
Nombre del editor, distribuidor, etc. Scientia,
Fecha de publicación, distribución, etc. 1958 (
Fabricante Agustín Núñez)
300 ## - DESCRIPCIÓN FÍSICA
Extensión XXIII, 321 p. ;
Dimensiones 23 cm.
700 1# - ENTRADA AGREGADA--NOMBRE PERSONAL
Nombre de persona Sarró, Ramón.
9 (RLIN) 103872
700 1# - ENTRADA AGREGADA--NOMBRE PERSONAL
Nombre de persona Serrate Torrente, Agustín.
9 (RLIN) 105823
852 ## - LOCALIZACIÓN
Ubicación ES-MaACL
Número de control de estantería E-4134
Sublocalización o colección R.44340
Holdings
Estatus retirado Estado de pérdida Estado de daño No para préstamo Biblioteca de origen Biblioteca actual Ubicación en estantería Fecha de adquisición Fuente de adquisición Total de préstamos Signatura topográfica completa Código de barras Visto por última vez Precio de reemplazo Tipo de ítem Koha
        Biblioteca del Ateneo de Madrid Biblioteca del Ateneo de Madrid Depósito 2 17/01/2008     E-4134 1095211 23/02/2023 23/02/2023 Libro impreso